Les Garrigues : estructura territorial, demogràfica i econòmica / Gelasio Nogueira Esmoris, Joan Tort i Donada ; ... ; prologat per Lluís Casassas i Simó estructura territorial, demogràfica i econòmica / Gelasio Nogueira Esmoris, Joan Tort i Donada ; ... ; prologat per Lluís Casassas i Simó
Descripción Física:
XIII, 469 p. : amb map. ; 24 cm
Colección:
Col·lecció Catalunya comarcal
Materias:
Garrigues -- Condicions econòmiques
MARC
| LEADER | 00000nam a2200000Ia 4500 | ||
|---|---|---|---|
| 001 | 9299 | ||
| 008 | 160829s1991 xx 000 0 cat d | ||
| 080 | |a M-2-27 | ||
| 100 | |a Nogueira Esmoris, Gelasio |9 26640 | ||
| 245 | |a Les Garrigues : |b estructura territorial, demogràfica i econòmica / Gelasio Nogueira Esmoris, Joan Tort i Donada ; ... ; prologat per Lluís Casassas i Simó | ||
| 260 | |a Barcelona : |b Caixa d'Estalvis de Catalunya, |c 1991 | ||
| 300 | |a XIII, 469 p. : |b amb map. ; |c 24 cm | ||
| 490 | |a Col·lecció Catalunya comarcal | ||
| 650 | |a Garrigues |x Condicions econòmiques |9 23942 | ||
| 700 | |a Tort i Donada, Joan |9 26641 | ||
| 700 | 1 | |a Casassas i Simó, Lluís, |d 1922-1992 |e autor del pròleg |9 44253 | |
| 901 | |a Arxiu | ||
| 942 | |n 1 |2 udc | ||
| 952 | |0 0 |1 0 |4 0 |6 M227 |7 1 |9 44091 |a Arxiu |b Arxiu |d 2016-12-01 |l 0 |o M-2-27 |p 9299 |r 2016-12-01 00:00:00 |w 2016-12-01 |y ARXIU | ||
| 999 | |c 46671 |d 46671 | ||